000 00470nam a2200205Ia 4500
003 OSt
005 20230413093157.0
008 210423s2010 xx 000 0 und d
020 _a9781846272905
040 _cAL
041 _aeng
082 _a823 MULH
_223
100 _aMULLER (Herta).
_987108
245 _aAppointment.
260 _aLondon
_bPortobello books
_c2010
300 _a214
_bPB
365 _b399
_cINR
906 _aAppointment.
942 _2ddc
_cBK
999 _c159143
_d159143